Регионална библиотека "Любен Каравелов" - Русе

Васко@40+5 (Запис номер 178925)

MARC детайли
000 -Лидер
Контролно поле с фиксирана дължина 02215nam a2200457 c 4500
003 - Код на организацията, давaща контролен номер
Контролно поле BLK
005 - Дата и час на последна редакция
Контролно поле 20250417170129.0
008 - Елементи от данни с фиксирана дължина
fixed length control field 180411b bul|||||r ||||||| ||bul||
010 ## - Наследен системен номер
LC control number KNG00187685000
020 ## - Международен стандартен номер на книга ISBN
Международен стандартен номер на книга ISBN 978-619-90574-0-7
-- издат.: ПингПонгИвентс
040 ## - Източник на каталожния запис
Идентификатор на билиотеката - собственик на записа BLK
041 ## - Код за език
Код за езика на текст/звукозапис или на отделно заглавие Български
Код за езика КДБФ Български
072 #7 - Код за тематичната категория
Код организация bullib
Код за тематична категория Н84
Текст Българска художествена литература Н
080 ## - УДК
Текстов определител УДК Българска литература
УДК код - определител по УДК 821.163.2
УДК определител -94
УДК - код + определител 821.163.2-94
080 ## - УДК
Текстов определител УДК Цигулари интерпретатори
УДК код - определител по УДК 787.1.071.2
УДК определител (497.2)(092)
УДК - код + определител 787.1.071.2(497.2)(092)
080 ## - УДК
Текстов определител УДК Български цигулар
УДК код - определител по УДК 929 Василев, Васко Петров
УДК определител
УДК - код + определител 929 Василев, Васко Петров
100 ## - Редна дума - Автор
Автор Василев, Васко Петров
Дати, свързани с автора 1970-
Титли или други наименования, свързани с автора Цигулар. Концертмайстор на оркестъра към Кралската опера - Лондон.
Авторска отговорност първи автор
R(LIN) 323058
139 ## - Редно поле
Редна дума Василев, Васко Петров
Авторски знак Васи - В 24
245 10 - Сведения за заглавието
Заглавие Васко@40+5
Редно поле (дума) Васко Петров Василев.
257 ## - Страна на издаване
Страна на създаване/издаване България
260 ## - Област на издателските данни
-- София
Име на издателя, разпространителя и проч. ПингПонгИвентс
Година на издаване 2016
300 ## - Физическа характеристика
Страници 168 с.
Илюстрации и др. с цв. сн.
Размери/Мащаб 22 см
380 ## - Жанр
Жанр Худож. лит.
600 #0 - Име на лице, използвано като предмет
За него / За нея Василев, Васко Петров
Свързани дати 1970-
Титли или други наименования, свързани с автора Цигулар. Концертмайстор на оркестъра към Кралската опера - Лондон.
9 (RLIN) 323058
650 #4 - Допълнително описание по предмет – тема
Основно описание – тема или топоним Цигулари, български
9 (RLIN) 258557
650 #4 - Допълнително описание по предмет – тема
Основно описание – тема или топоним Василев, Васко Петров
9 (RLIN) 378307
650 #4 - Допълнително описание по предмет – тема
Основно описание – тема или топоним Музиканти, български - мемоари, спомени, интервюта
9 (RLIN) 255674
651 #4 - Допълнително описание по предмет - топоним
Географско понятие България
9 (RLIN) 241624
653 ## - Ключова дума – ненормативна
Ключова дума Васко Василев
653 ## - Ключова дума – ненормативна
Ключова дума цигулари
653 ## - Ключова дума – ненормативна
Ключова дума български музиканти
653 ## - Ключова дума – ненормативна
Ключова дума музикални изпълнители
653 ## - Ключова дума – ненормативна
Ключова дума спомени
659 ## - Тематичен бюлетин
Тематичен бюлетин Н
852 ## - Местоположение
Форматна сигнатура Цб 280388
856 4# - Електронен адрес и достъп
Електронен формат pdf - файл
Път до файла /url/
856 4# - Електронен адрес и достъп
Електронен формат pdf - файл
Път до файла /url/
942 ## - АРТИКУЛИ
Вид на библиотечния материал Книги
Скрит в OPAC Не
Koha issues (borrowed), all copies 67
944 ## - СЪЗДАВАНЕ И РЕДАКЦИЯ на ЗАПИСА
Създаване/Редакция Създаване
Дата на регистрацията/редакция 14.04.2016
Статус, дата на статуса Цветомила Тодорова
Служител, извършил регистрацията/редакцията 30576
944 ## - СЪЗДАВАНЕ И РЕДАКЦИЯ на ЗАПИСА
Създаване/Редакция Редакция
Дата на регистрацията/редакция 15.11.2017
Статус, дата на статуса ф /
Служител, извършил регистрацията/редакцията Пенка_Димитрова
999 ## - СИСТЕМНИ КОНТРОЛНИ НОМЕРА
Koha biblionumber 178925
Koha biblioitemnumber 178925
Наличности
Код за отписване Код за изгубен артикул Източник на класификационната схема Код за повреда Коз за рестрикции Код за отдаване Артикулен № Име на библиотеката - собственик Име на библиотеката, в която се намира в момента Статус (Текущо местоположение) Дата на вписване в системата Местоположение - отдел Цена в лева Инвентарен номер Систематично азбучна сигнатура Баркод Номер на екземпляра Цена в евро Служебна бележка Служебен тип на артикула
  Не е изгубен Universal Decimal Classification Не е повреден без рестрикции заемане за дома 307052 Регионална библиотека "Любен Каравелов" Русе Регионална библиотека "Любен Каравелов" Русе Заемна - подръчен фонд 2016-04-14 Заемна - подръчен фонд 11.70 120000799766 П 886.7-9/В 24 120000799766 1 5.98 Дост: Pk Вид: Ф N: 646 Дата: 13.04.2016 Дата инв: 15.02.2018 Бележки инв: П2018 Книги
  Не е изгубен Universal Decimal Classification Не е повреден без рестрикции заемане за дома 307053 Регионална библиотека "Любен Каравелов" Русе Регионална библиотека "Любен Каравелов" Русе Заемна - подръчен фонд 2016-04-14 Заемна - подръчен фонд 11.70 120000799767 П 886.7-9/В 24 120000799767 2 5.98 Дост: Pk Вид: Ф N: 646 Дата: 13.04.2016 Дата инв: 07.03.2018 Бележки инв: П2018 Книги
  Не е изгубен   Не е повреден без рестрикции ползва се в читалня 307054 Регионална библиотека "Любен Каравелов" Русе Регионална библиотека "Любен Каравелов" Русе Хранилище 2017-11-14 Хранилище 11.70 120000816665 Цб 280388 120000816665 3 5.98 Дост: Dp Вид: Д N: 40 Дата: 04.09.2017 Книги
Vip Innovations Ltd, Rousse, Bulgaria 2025